01513nam a2200277 i 4500003000400000008004100004020003800045040002500083041001300108082002000121100004400141245013800185246003600323250001300359264004500372300005400417336002100471337002500492338002300517520047300540600003801013650002401051700002401075880004101099880009501140OSt221113s2022 cc ao e 000 0 chi d a9787505752320cRM54.00qpaperback aPPAKbengcPPAKerda1 achihjpn04223a305.56920921 6880-01aKamura, Kazuma,d1946-eauthor.106880-02aGao bie ren lei qu du ju : bRi ben chuan qi liu lang han 43 nian huang ye you dang ji /c(ri)Jia cun yi ma zhu ; Huo hua yi3 iTranslation of:aDokutsu ojisan aDi 1 ban 1aBeijing :bChina Friendship Press,c2022 a263 pages :billustrations, photographs ;c21 cm. atext2rdacontent aunmediated2rdamedia avolume2rdacarrier aThis book is the author's Kazuma Kamura's record of his real life. Born into a poor family in a Japanese mountain village, Kazuma Kamura was the most neglected among his siblings and often suffered domestic violence from his father. Unable to bear it, he ran away from home at the age of 13 and lived in a mining cave in the mountains. For the next 43 years, he lived on the margins of human society, subsisting on wild fruits and hunting, only a few times with others0 aKamura, Kazuma,d1946-vBiography10aHomeless menzJapan0 aSpark,etranslator.1 6100-01a加村一马d1946-e作者.106245-02a告别人类去独居 :b日本传奇流浪汉43年荒野游荡记 / 加村一马